| 000 | 00925cam a2200313 i 4500 | ||
|---|---|---|---|
| 001 | 200443480 | ||
| 003 | TR-AnTOB | ||
| 005 | 20240925073657.0 | ||
| 007 | ta | ||
| 008 | 120829m20102009tu 0 tu | ||
| 020 | _a9789752897847 | ||
| 040 |
_aTR-AnTOB _beng _erda _cTR-AnTOB |
||
| 041 | 0 | _atur | |
| 050 | 1 | 4 |
_aPL248.K85 _bT87 2010 |
| 090 |
_aPL248.K85 _bT87 2010 |
||
| 100 | 1 |
_aKulin, Ayşe, _d1941- _9117132 _eauthor |
|
| 245 | 1 | 0 |
_aTürkan : _btek ve tek başına / _cAyşe Kulin. |
| 260 | _aÖzel basım Eylül 2010 | ||
| 264 | 1 |
_aistanbul : _bEverest, _c2010. |
|
| 300 |
_ax, 406 pages : _bphotographs ; _c23 cm |
||
| 336 |
_2rdacontent _atext _btxt |
||
| 337 |
_2rdamedia _aunmediated _bn |
||
| 338 |
_2rdacarrier _avolume _bnc |
||
| 490 | 0 |
_aEverest ; _v846 _aBiyografi ; _v53 |
|
| 600 | 1 | 0 |
_aSaylan, Türkan, _d1935-2010 _984217 |
| 650 | 7 |
_aTürk romanı _2etuturkob _99421 |
|
| 942 |
_cBK _2lcc |
||
| 999 |
_c200443480 _d61692 |
||